Diatomaceae /

Bibliographic Details
Main Author: Cholnoky, B. J. (Bela Jenho)
Format: Book
Language:German
Published: Lehre [Ger.] : J. Cramer, 1966-
Series:Beihefte zur Nova Hedwigia ; Heft 21, etc.
Subjects:

MARC

Tag First Indicator Second Indicator Subfields
LEADER 00000cam a2200000 a 4500
001 in00000245621
005 20151010050610.0
008 750912m19669999gw a b 0001 ger d
035 |a (OCoLC)01620247 
035 |9 ABB0759AM 
040 |a YNG  |c YNG  |d OCL  |d TXA  |d UtOrBLW 
049 |a TXAM  |v 1[465114]   |v 2 [530916]   |v 3 [1504801] 
090 |a QK504  |b  N62 Heft 21, etc. 
100 1 |a Cholnoky, B. J.  |q (Bela Jenho) 
245 1 0 |a Diatomaceae /  |c  herausgegeben von B.J. Cholnoky. 
264 1 |a Lehre [Ger.] :  |b J. Cramer,  |c 1966- 
300 |a  volumes :  |b illustrations ;  |c 24 cm. 
336 |a text  |b txt  |2 rdacontent 
337 |a unmediated  |b n  |2 rdamedia 
338 |a volume  |b nc  |2 rdacarrier 
490 1 |a Beihefte zur Nova Hedwigia ;  |v  Heft 21, 31, 73 
504 |a Includes bibliographies. 
650 0 |a Fragilariaceae. 
830 0 |a Beihefte zur Nova Hedwigia ;  |v Heft 21, etc. 
999 |a MARS 
999 f f |s 749111bc-32f6-3088-9cad-0d1ee430a50b  |i 884c77e8-af7f-3d36-a8f1-9c6435490ac5  |t 0 
952 f f |p ric  |a Texas A&M University  |b Rellis Campus  |c Joint Library Facility  |d Remote Storage  |t 0  |e QK504 N62 Heft 21, etc.  |h Library of Congress classification  |i unmediated -- volume  |m A14806416816 
998 f f |a QK504 N62 Heft 21, etc.  |t 0  |l Remote Storage